[Event "45th NED-ch"]
[Site "Hilversum NED"]
[Date "1989.04.17"]
[Round "7"]
[White "Van der Wiel, John"]
[Black "Gelpke, Peter"]
[Result "1/2-1/2"]
[WhiteElo "2560"]
[BlackElo "2395"]
[EventDate "1989.04.10"]
[PlyCount "99"]

1.e4 c6 2.d4 d5 3.Nd2 dxe4 4.Nxe4 Nd7 5.c3 Ngf6 6.Nxf6+ Nxf6 7.Bc4 e6 8.
Nf3 Bd6 9.Bg5 Qc7 10.Qe2 h6 11.Bxf6 gxf6 12.Nh4 Bd7 13.Qh5 a5 14.O-O b5 
15.Bd3 Bxh2+ 16.Kh1 Bf4 17.Rfe1 Kf8 18.g3 Bg5 19.f4 Bxh4 20.Qxh4 Ke7 21.
Re5 Rag8 22.Rh5 Qb8 23.Re1 Rg7 24.Re3 Qg8 25.Bf5 a4 26.Kh2 a3 27.b4 Qa8 
28.Bc2 Rgg8 29.Kg1 Qf8 30.c4 bxc4 31.Rxa3 Qb8 32.Re3 Qxb4 33.Rf5 Rg6 34.
Rfe5 c3 35.Bxg6 fxg6 36.Rc5 Qxd4 37.Rxc3 Rb8 38.Rd3 Qa1+ 39.Kf2 Rb2+ 40.
Re2 Rxe2+ 41.Kxe2 Qxa2+ 42.Ke3 Qa7+ 43.Ke2 Qa2+ 44.Ke3 h5 45.g4 Qa5 46.
gxh5 Qc5+ 47.Kd2 Qxh5 48.Qg3 c5 49.f5 e5 50.fxg6 1/2-1/2

[Event "45th NED-ch"]
[Site "Hilversum NED"]
[Date "1989.04.23"]
[Round "11"]
[White "Blees, Albert"]
[Black "Douven, Rudy"]
[Result "0-1"]
[WhiteElo "2345"]
[BlackElo "2445"]
[EventDate "1989.04.10"]
[PlyCount "80"]

1.d4 Nf6 2.c4 e6 3.Nc3 Bb4 4.e3 O-O 5.Bd3 d5 6.Ne2 c5 7.a3 Bxc3+ 8.bxc3 
dxc4 9.Bxc4 Qc7 10.Bd3 e5 11.O-O Nc6 12.Qc2 Be6 13.Bb2 Rfd8 14.Ng3 h6 15.
Rac1 c4 16.Be2 Kh8 17.Rcd1 Qb6 18.f4 e4 19.f5 Bd5 20.a4 Na5 21.Ba3 Qb3 22.
Qc1 Rd7 23.Rd2 Qxa4 24.Ra2 Nb3 25.Qe1 Qc6 26.Rf4 a5 27.Nh5 b5 28.Qg3 Nxh5 
29.Bxh5 Qf6 30.Raf2 b4 31.cxb4 axb4 32.Bxb4 Nc1 33.Rf1 Nd3 34.Bc3 Ra3 35.
Be1 c3 36.Rg4 c2 37.Bd2 Rb3 38.Rxg7 Qxg7 39.Qh3 Rb1 40.f6 Qxf6 0-1